=LDR 00000nam 2200000 4500 =001 INLIS000000000039612 =005 20130612145228 =008 ***********************************Ind** =035 ##$$0010-061300000039612 =041 ##$$a Ind =082 ##$$a 813 =090 ##$$a 813, Eva s.2 =100 ##$$a Evan Nicholas =245 ##$$a The Smoke Jumper, Sang Penerjun, ;Lani Murtihardjana =260 ##$$a 2006 $b Jakarta =300 ##$$a 720 hlm, 18 cm =700 ##$$a Murtihardjana Lanny =850 ##$$a NBPNMAT